Umrisse von Ländern mit Inseln - Statistiken

Allgemein
  • Dieses Quiz wurde 263 mal gespielt
    233 seit der letzten Aktualisierung
  • Das Durchschnittsergebnis liegt bei 16 aus 20
Antwortstatistiken
Bildquiz Antwort % Korrekt
Italien
98%
Spanien
98%
Dänemark
95%
Kroatien
95%
Schweden
91%
Panama
89%
Finnland
85%
Malaysia
84%
Oman
84%
Jemen
81%
Süd Korea
79%
Venezuela
78%
Estland
76%
Eritrea
74%
Tunesien
71%
Äquatorialguinea
69%
Kuwait
62%
Tansania
61%
Belize
57%
Guinea-Bissau
57%
Keine übereinstimmenden Quizze gefunden
Verteilung der Resultate
Anzahl Personen mit jedem Resultat
Perzentil nach korrekt beantworteten Fragen
Ihre Resultats-Entwicklung
Sie haben dieses Quiz seit der letzten Aktualisierung nicht gespielt